Ngữ pháp hán ngữ cổ và hiện đại

Đã lưu trong:
書目詳細資料
主要作者: Trần, Văn Chánh
格式: 圖書
語言:Undetermined
出版: Thành phố Hồ Chí Minh Trẻ 2005
主題:
標簽: 添加標簽
沒有標簽, 成為第一個標記此記錄!
Thư viện lưu trữ: Trung tâm Học liệu Trường Đại học Cần Thơ
LEADER 00579nam a2200205Ia 4500
001 CTU_93871
008 210402s9999 xx 000 0 und d
020 |c 60000 
082 |a 495.15 
082 |b Ch107 
100 |a Trần, Văn Chánh 
245 0 |a Ngữ pháp hán ngữ cổ và hiện đại 
245 0 |c Trần Văn Chánh 
260 |a Thành phố Hồ Chí Minh 
260 |b Trẻ 
260 |c 2005 
650 |a Chinese language 
650 |x Grammar 
904 |i Tuyến 
980 |a Trung tâm Học liệu Trường Đại học Cần Thơ